|
|
|
|
| LEADER |
00000nam0a2200000 4500 |
| 001 |
263899 |
| 005 |
20231101233800.0 |
| 010 |
|
|
|a 511000062X
|
| 020 |
|
|
|a RU
|b 88-68003
|
| 035 |
|
|
|a (RuTPU)RU\TPU\book\286890
|
| 090 |
|
|
|a 263899
|
| 100 |
|
|
|a 20140614d1988 m y0rusy5003 ca
|
| 101 |
0 |
|
|a rus
|
| 102 |
|
|
|a UA
|
| 105 |
|
|
|a a j 001zy
|
| 200 |
1 |
|
|a Физика горных пород. Горное давление
|e сборник задач и упражнений
|e учебное пособие для вузов
|f С. Ф. Алексеенко, В. П. Мележик
|
| 210 |
|
|
|a Киев
|c Выща школа
|d 1988
|
| 215 |
|
|
|a 247 с.
|c ил.
|d 21 см
|
| 320 |
|
|
|a Библиогр.: с. 241 (22 назв.).
|
| 320 |
|
|
|a Предм. указ.: с. 242-246.
|
| 606 |
1 |
|
|a Горное давление
|x Измерение в горных условиях
|2 stltpush
|3 (RuTPU)RU\TPU\subj\7551
|9 35162
|
| 610 |
1 |
|
|a горные породы
|
| 610 |
1 |
|
|a понятия
|
| 610 |
1 |
|
|a определения
|
| 610 |
1 |
|
|a тепловые свойства
|
| 610 |
1 |
|
|a электрические свойства
|
| 610 |
1 |
|
|a магнитные свойства
|
| 610 |
1 |
|
|a магнитные свойства
|
| 610 |
1 |
|
|a магнитные свойства
|
| 610 |
1 |
|
|a горно-технологические характеристики
|
| 610 |
1 |
|
|a задачи
|
| 610 |
1 |
|
|a упражнения
|
| 610 |
1 |
|
|a типовые решения
|
| 610 |
1 |
|
|a учебные пособия
|
| 675 |
|
|
|a 622.831(076)
|z rus
|v 3
|
| 700 |
|
1 |
|a Алексеенко
|b С. Ф.
|g Степан Федорович
|4 070
|
| 701 |
|
1 |
|a Мележик
|b В. П.
|g Виктор Петрович
|4 070
|
| 801 |
|
0 |
|a RU
|b RuMRKP
|c 19950417
|g psbo
|
| 801 |
|
1 |
|a RU
|b 63413507
|c 20140614
|
| 801 |
|
2 |
|a RU
|b 63413507
|c 20150918
|g RCR
|
| 942 |
|
|
|c BK
|